000
00243nam a22000857a 4500
008
160907b xxu||||| |||| 00| 0 eng d
100
_9
327
_a
Keller H.A
245
_a
The Story of my Life-X
_b
Term I
260
_a
New Delhi
_b
Rachna Sagar publication
_c
2013
999
_c
2987
_d
2987